000 00797nam a22002657a 4500
001 BR7304759
003 BR-BrBNA
005 20230928084045.0
007 ta
008 230509b bl.||||| |||| 00| 0 por d
040 _aBR-BrBNA
_bpor
_cBiblioteca Nacional de Agricultura
041 _a(Por)
072 _aE10; E70
_b0230
_b9320
_b/G514
090 _ 0230 BR7304759
100 1 _aAnon.
245 1 _aTrabalhos da Conferencia Assucareira do Recife (2. do Brazil)
260 3 _aRecife, PE (Brasil):
_bDiario de Pernambuco,
_c1905.
300 _a164 p.
500 _a(*) Documento disponível no(a) Instituto do Acucar e do Alcool, Rio de Janeiro, RJ (Brazil)
650 _aCANA DE ACUCAR
650 _aACUCAR
650 _aRECIFE
909 _a202309
_bLucia
_c55
_dLucia Elande
942 _cBK
999 _c16590
_d16590